Matemática 8º /
Guardado en:
| Autor Principal: | |
|---|---|
| Formato: | Libro |
| Publicado: |
Buenos Aires :
E.d.b.,
1998
|
| Materias: | |
| Etiquetas: |
Agregar Etiqueta
Sin Etiquetas, Sea el primero en etiquetar este registro!
|
| LEADER | 00610nam a22001935a 4500 | ||
|---|---|---|---|
| 001 | CEM.cems013774 | ||
| 005 | 20121203144309.0 | ||
| 008 | 130507s1998##################000#0#####d | ||
| 003 | CEMS | ||
| 020 | |a 9879252489 | ||
| 082 | 0 | 4 | |a 510 |
| 100 | 1 | |a Wall, María Cecilia | |
| 245 | 1 | 0 | |a Matemática 8º / |c María Cecilia Wall |
| 260 | |a Buenos Aires : |b E.d.b., |c 1998 | ||
| 300 | |a 198 p. | ||
| 505 | 0 | |a Números y operaciones -- Ecuaciones -- Medida y geometría -- Estadística y probabilidad | |
| 653 | |a Matemática | ||
| 653 | |a Matemática 8º | ||
| 859 | |a CEMS |b BIB. CEMS - 11 de abril |h 510 |i W155 |p 26519.12 |t Ej.1 |v 8º |3 8º | ||
